Информационное обеспечение деятельности УИС: проблемы организации и совершенствования Монография
В монографии исследуются проблемы организации и совершенствования информационного обеспечения деятельности уголовно-исполнительной системы в современный период развития раскрываются сущность и различные подходы к определению понятий «информация» и «информационное обеспечение». Отдельно рассматривают...
محفوظ في:
| المؤلف الرئيسي: | |
|---|---|
| التنسيق: | Монография |
| الوصول للمادة أونلاين: | https://znanium.com/catalog/document?id=370185 https://znanium.com/cover/1229/1229039.jpg |
| الوسوم: |
إضافة وسم
لا توجد وسوم, كن أول من يضع وسما على هذه التسجيلة!
|
| LEADER | 03931nam0a2200325 i 4500 | ||
|---|---|---|---|
| 001 | RU\infra-m\znanium\bibl\1229039 | ||
| 003 | https://znanium.com/catalog/document?id=370185 | ||
| 005 | 20201207000000.0 | ||
| 010 | |a 978-5-94991-429-8 | ||
| 100 | |a 20201207d2020 m y0rusy0150 ca | ||
| 101 | 0 | |a rus | |
| 102 | |a RU | ||
| 200 | 1 | |a Информационное обеспечение деятельности УИС: проблемы организации и совершенствования |e Монография |f Вологодский институт права и экономики Федеральной службы исполнения наказаний | |
| 210 | 1 | |a Вологда |c федеральное казенное образовательное учреждение высшего образования «Вологодский институт права и экономики Федеральной службы исполнения наказаний» |d 2018 | |
| 215 | |a 106 с. | ||
| 330 | |a В монографии исследуются проблемы организации и совершенствования информационного обеспечения деятельности уголовно-исполнительной системы в современный период развития раскрываются сущность и различные подходы к определению понятий «информация» и «информационное обеспечение». Отдельно рассматриваются основные программные средства для информационного обеспечения деятельности территориальных органов ФСИН России в том числе информационной безопасности и зашиты информации для служебного пользования и персональной информации спецконтингента. Раскрывается проблематика информационного обеспечения объектов образовательных организаций ФСИН России. Адресована научным работникам преподавателям аспирантам (адъюнктам) студентам (курсантам) образовательных организаций ФСИН России а также практическим работникам уголовно-исполнительной системы. | ||
| 333 | |a ВО - Специалитет | ||
| 606 | |a Информатика. Вычислительная техника |x Информационные технологии для юристов |2 local | ||
| 606 | |a Право. Юридические науки |x Уголовно-исполнительное право |2 local | ||
| 608 | |a Монография |2 local | ||
| 675 | |a 343 |z rus | ||
| 686 | |a 67409 |2 rubbk | ||
| 686 | |a 40.03.01 |2 okso | ||
| 686 | |a 40.04.01 |2 okso | ||
| 686 | |a 40.05.02 |2 okso | ||
| 700 | 1 | |a Крюкова |b Д.Ю. |g Диана Юрьевна |p Вологодский институт права и экономики Федеральной службы исполнения наказаний | |
| 701 | 1 | |a Бабкин |b А.А. |g Алексей Александрович |p Вологодский институт права и экономики Федеральной службы исполнения наказаний | |
| 801 | 0 | |a RU |b Общество с ограниченной ответственностью «ЗНАНИУМ» |c 20201207 |2 rusmarc | |
| 856 | 4 | |a znanium.com |m ebs_support@infra-m.ru |n НИЦ ИНФРА-М |u https://znanium.com/catalog/document?id=370185 | |
| 856 | 4 | 1 | |a znanium.com |d /cover/1229 |f 1229039.jpg |q image/jpeg |u https://znanium.com/cover/1229/1229039.jpg |